000 00635nam a2200181Ia 4500
008 100920s9999 xx 000 0 und d
082 _b106684
_a891.43 न 09
100 _aसंजीव प्रसाद.
245 _aअम्बेडकर ने कहा था.
260 _bआरोग्य निधी प्रकाशन दिल्ली.
_c2009
300 _a136
_bसाधी
365 _b185
520 _aहिंदी.
630 _aअम्बेडकर ने कहा था.
650 _aहिंदी.
730 _aअम्बेडकर ने कहा था.
942 _cBOOK
999 _c747109
_d747106